| Поле | Инд. | ПП | Название | Значение |
|---|---|---|---|---|
| Тип записи | a | |||
| Библиографический уровень | m | |||
| 001 | Контрольный номер | RU/IS/BASE/115220860 | ||
| 005 | Дата корректировки | 20250627152403.8 | ||
| 008 | Кодируемые данные | 20030826 | ||
| 022 | 0_ | a | ISSN | 0321-1878 |
| 041 | 0_ | a | Код языка текста | rus |
| 084 | a | Индекс другой классификации/Индекс ББК | 84(2=411.2)6; 84(4Гем)6; 84(7США)6; 83.3(2=411.2)6; 83.3(4Ита)6; 63.3(2)6-7; 85.143(2Рос)6-022 | |
| 090 | a | Полочн. индекс | 95.2 | |
| 097 | 00 | a | 110 | |
| 245 | 00 | a | Заглавие | Звезда |
| b | Продолж. заглавия | ежемесячный литературно-художественный и общественно-политический независимый журнал | ||
| c | Ответственность | учредитель: АОЗТ "Журнал "Звезда"; соред. А. Ю. Арьев, Я. А. Гордин | ||
| n | Номер части/ раздела | №3/2000 | ||
| 260 | 00 | a | Место издания | Санкт-Петербург |
| b | Издательство | Звезда | ||
| c | Дата издания | 2000 | ||
| 300 | a | Объем | 240 с. | |
| 500 | 00 | a | Примечание | Журнал |
| 505 | 0_ | a | Форматированное содержание | "Продолжение следует..." |
| b | Автор | Грасс Г. | ||
| 505 | 0_ | a | Форматированное содержание | 2 испытания пустотой - 2 |
| b | Автор | Курбановский А. А. | ||
| n | Доп. информация | Вадим Воинов и Тимур Новиков | ||
| 505 | 0_ | a | Форматированное содержание | Выставка картин художников группы "Наби" из запасников Эрмитажа |
| b | Автор | Смирнова В. Г. | ||
| 505 | 0_ | a | Форматированное содержание | Голицын М. М., Неплюев И. И., Глебов И. Ф. |
| b | Автор | Длуголенский Я. Н. | ||
| 505 | 0_ | a | Форматированное содержание | Два генерала |
| b | Автор | Карасти Р. П. | ||
| 505 | 0_ | a | Форматированное содержание | Елена Ивановна Молоховец |
| b | Автор | Хартман Э. | ||
| 505 | 0_ | a | Форматированное содержание | Из мемуарных виньеток |
| b | Автор | Жолковский А. К. | ||
| 505 | 0_ | a | Форматированное содержание | Кинолог |
| b | Автор | Притула Д. Н. | ||
| n | Доп. информация | Рассказ | ||
| 505 | 0_ | a | Форматированное содержание | Кочегар Николай |
| b | Автор | Притула Д. Н. | ||
| n | Доп. информация | Рассказ | ||
| 505 | 0_ | a | Форматированное содержание | Макс и белые фагоциты |
| b | Автор | Миллер Г. | ||
| n | Доп. информация | Рассказ | ||
| 505 | 0_ | a | Форматированное содержание | Иван Петрович Белкин, псковский помещик |
| b | Автор | Панченко А. М. | ||
| n | Доп. информация | Памяти Вадима Эразмовича Вацуро. | ||
| 505 | 0_ | a | Форматированное содержание | Пес |
| b | Автор | Безладнова И. Н. | ||
| n | Доп. информация | Рассказ | ||
| 505 | 0_ | a | Форматированное содержание | Похороненная революцией. Феномен IY Государственной думы (1912-1917) |
| b | Автор | Архипов И. Л. | ||
| 505 | 0_ | a | Форматированное содержание | Продолжение знакомства |
| b | Автор | Андреев В. Л. | ||
| b | Автор | Андреев Д. Л. | ||
| n | Доп. информация | Письма 1927-1946 годов | ||
| 505 | 0_ | a | Форматированное содержание | Пространство чистой мысли |
| 505 | 0_ | a | Форматированное содержание | Слабые ноги большого человека |
| b | Автор | Зайчик М. | ||
| n | Доп. информация | Рассказ | ||
| 505 | 0_ | a | Форматированное содержание | Спасет ли нас Интернет? |
| b | Автор | Олива Р. | ||
| n | Доп. информация | Заметки о современной итальянской литературе | ||
| 505 | 0_ | a | Форматированное содержание | Спуск в Мальштрем |
| b | Автор | Жданова М. Д. | ||
| 505 | 0_ | a | Форматированное содержание | Стихи |
| b | Автор | Гампер Г. С. | ||
| 505 | 0_ | a | Форматированное содержание | Стихи |
| b | Автор | Дроздов В. Г. | ||
| 505 | 0_ | a | Форматированное содержание | Стихи |
| b | Автор | Иванова С. А. | ||
| 505 | 0_ | a | Форматированное содержание | Стихи |
| b | Автор | Полякова Н. М. | ||
| 505 | 0_ | a | Форматированное содержание | Стихи |
| b | Автор | Эскина М. | ||
| 505 | 0_ | a | Форматированное содержание | Такие времена - такие воспоминания |
| b | Автор | Хруцкий А. В. | ||
| n | Доп. информация | Повесть | ||
| 505 | 0_ | a | Форматированное содержание | Три литературоведения |
| b | Автор | Баршт К. А. | ||
| 600 | 14 | a | Персоналии | Вацуро Вадим Эразмович |
| a | Персоналии | Глебов Иван Федорович | ||
| a | Персоналии | Голицын Михаил Михайлович | ||
| a | Персоналии | Молоховец Елена Ивановна | ||
| a | Персоналии | Неплюев Иван Иванович | ||
| 650 | 04 | a | Основная рубрика | литературоведение |
| a | Основная рубрика | художественная литература | ||
| 653 | 0_ | a | Ключевые слова | "Наби" |
| a | Ключевые слова | XX век | ||
| a | Ключевые слова | американская литература | ||
| a | Ключевые слова | генерал-губернаторы | ||
| a | Ключевые слова | Государственная Дума 4-го созыва 1912-1917 | ||
| a | Ключевые слова | живопись | ||
| a | Ключевые слова | искусство | ||
| a | Ключевые слова | история | ||
| a | Ключевые слова | итальянская литература | ||
| a | Ключевые слова | культура | ||
| a | Ключевые слова | литературная критика | ||
| a | Ключевые слова | немецкая литература | ||
| a | Ключевые слова | новейшее время | ||
| a | Ключевые слова | Россия | ||
| a | Ключевые слова | русская литература | ||
| a | Ключевые слова | Санкт-Петербург | ||
| a | Ключевые слова | художественные выставки | ||
| a | Ключевые слова | художественные группы | ||
| a | Ключевые слова | Эрмитаж | ||
| 700 | 12 | a | Автор | Гордин Я. А. |
| e | Роль лиц | редактор | ||
| 700 | 12 | a | Автор | Арьев А. Ю. |
| e | Роль лиц | редактор | ||
| 700 | 12 | a | Автор | Дроздов В. Г. |
| q | Полное имя | Дроздов Владимир Георгиевич | ||
| 700 | 12 | a | Автор | Хруцкий А. В. |
| q | Полное имя | Хруцкий Анатолий Васильевич | ||
| 700 | 12 | a | Автор | Иванова С. А. |
| q | Полное имя | Иванова Светлана Алексеевна | ||
| 700 | 12 | a | Автор | Притула Д. Н. |
| q | Полное имя | Притула Дмитрий Натанович | ||
| 700 | 12 | a | Автор | Гампер Г. С. |
| q | Полное имя | Гампер Галина Сергеевна | ||
| 700 | 12 | a | Автор | Зайчик М. |
| q | Полное имя | Зайчик Марк | ||
| 700 | 12 | a | Автор | Полякова Н. М. |
| q | Полное имя | Полякова Надежда Михайловна | ||
| 700 | 12 | a | Автор | Безладнова И. Н. |
| q | Полное имя | Безладнова Ирина Николаевна | ||
| 700 | 12 | a | Автор | Эскина М. |
| q | Полное имя | Эскина Марина | ||
| 700 | 12 | a | Автор | Грасс Г. |
| q | Полное имя | Грасс Гюнтер | ||
| 700 | 12 | a | Автор | Миллер Г. |
| q | Полное имя | Миллер Генри | ||
| 700 | 12 | a | Автор | Хартман Э. |
| q | Полное имя | Хартман Эхберт | ||
| 700 | 12 | a | Автор | Архипов И. Л. |
| q | Полное имя | Архипов Игорь Леонидович | ||
| 700 | 12 | a | Автор | Андреев В. Л. |
| q | Полное имя | Андреев Вадим Леонидович | ||
| 700 | 12 | a | Автор | Андреев Д. Л. |
| q | Полное имя | Андреев Даниил Леонидович | ||
| 700 | 12 | a | Автор | Жданова М. Д. |
| q | Полное имя | Жданова Мария Дмитриевна; Шульгина Мария Дмитриевна | ||
| u | Дополнение к имени | Шульгина М. Д. | ||
| 700 | 12 | a | Автор | Жолковский А. |
| q | Полное имя | Жолковский Александр Константинович | ||
| 700 | 12 | a | Автор | Олива Р. |
| q | Полное имя | Олива Ренцо | ||
| 700 | 12 | a | Автор | Баршт К. А. |
| q | Полное имя | Баршт Константин Абрекович | ||
| 700 | 12 | a | Автор | Курбановский А. А. |
| q | Полное имя | Курбановский Алексей Алексеевич | ||
| 700 | 12 | a | Автор | Карасти Р. П. |
| q | Полное имя | Карасти Рейн Петрович | ||
| 700 | 12 | a | Автор | Длуголенский Я. Н. |
| q | Полное имя | Длуголенский Яков Ноевич | ||
| 700 | 12 | a | Автор | Панченко А. М. |
| q | Полное имя | Панченко Александр Михайлович | ||
| 700 | 12 | a | Автор | Ставиская А. |
| e | Роль лиц | переводчик | ||
| q | Полное имя | Ставиская Аза | ||
| 700 | 12 | a | Автор | Сухарев С. |
| e | Роль лиц | переводчик | ||
| q | Полное имя | Сухарев Сергей | ||
| 700 | 12 | a | Автор | Ливергант А. Я. |
| e | Роль лиц | переводчик | ||
| q | Полное имя | Ливергант Александр Яковлевич | ||
| 700 | 12 | a | Автор | Смирнова А. Ф. |
| e | Роль лиц | переводчик | ||
| 700 | 12 | a | Автор | Андреева-Карлайл О. |
| e | Роль лиц | автор публикации; автор вступительной заметки | ||
| q | Полное имя | Андреева-Карлайл Ольга | ||
| 700 | 12 | a | Автор | Богданов А. |
| e | Роль лиц | автор публикации | ||
| q | Полное имя | Богданов Алексей | ||
| 700 | 12 | a | Автор | Красюков Р. Г. |
| e | Роль лиц | автор публикации; автор вступительной заметки | ||
| 700 | 12 | a | Автор | Попова А. |
| e | Роль лиц | переводчик | ||
| q | Полное имя | Попова Алина | ||
| 700 | 12 | a | Автор | Григорьева Н. Я. |
| e | Роль лиц | автор подготовки текста | ||
| q | Полное имя | Григорьева Надежда Яковлевна | ||
| 773 | 18 | w | Контрольный № источника | RU/IS/BASE/408119542 |
| 901 | t | Тип документа | s | |
| 952 | a | Тип литературы для КСУ ВШ | ЛХЖ |